00711nam a2200205Ia 4500008004100000020001500041020001800056041000800074050002500082100002100107245003600128260006200164300002000226490003300246650004800279650003200327949000900359952012000368999001700488201007s9999||||xx |||||||||||||| ||und|| a0310335639 a9780310335634 aeng aBS2341.2b.B53 1965- aVaughan, Curtis  0a1, 2, 3 Johnb/cCurtis Vaughan aGrand Rapids, Mich. : bZondervan Pub. House,c1965-1989 a v.b; c21 cm. aBible study commentaryvv.18 aBible. -- Epistles of John -- Commentaries. aBible. -- Epistles of John. vv.18 00104070aGETSbGETScGENd2020-10-07l0oBS2341.2 .B53 1965- v.18p00017418r2020-10-07 00:00:00w2020-10-07yBK c29860d29860